| 000 | 00827nam a2200217 i 4500 | ||
|---|---|---|---|
| 001 | 135085 | ||
| 003 | ES-MaACL | ||
| 005 | 20230906194813.0 | ||
| 007 | t| | ||
| 008 | 070709s1958 sp ||||1| spa d | ||
| 080 | _a621.3(075.8) | ||
| 100 | 1 |
_aTimbie, William Henry. _9110283 |
|
| 245 | 1 | 0 |
_aCurso básico de electicidad / _cWilliam Timbie ; con la colaboración de Alexander Kusko ; traducción directa de la cuarta edición norteamericana por Valentín Jaime ; con la colaboración de José Mª Montesó Vidal. |
| 260 |
_aBarcelona : _bJosé Montesó, _c1958. |
||
| 300 |
_aXXIII, 703 p. : _bil. ; _c22 cm. |
||
| 650 | 4 |
_aElectrotecnia. _912169 |
|
| 700 | 1 |
_aKusko, Alexander. _969078 |
|
| 700 | 1 |
_aJaime, Valentín. _965931 |
|
| 700 | 1 |
_aMontesó Vidal, José María. _982606 |
|
| 852 |
_aES-MaACL _jC-14686 _bR.42706 |
||
| 999 |
_c135085 _d135085 |
||